00397cam a22001217a 4500008004000000082002800040245009000068260003600158300001100194650003800205700001400243700001800257180718b2000 xxu||||| |||| 00| 0 eng d aA22053x54 K167/2000 (R) aDirectory of periodicals published in India 2000cedited by Susheel Kaur and P. Sapra aDelhibSapra & Sapra Pub.c2000 a1073p. aPeriodicals - Directories - India aSapra, P. aKaur, Susheel